Significant Days Celebrated By Catholics - Statistics

General Stats
  • This quiz has been taken 88 times
  • The average score is 9 of 15
Answer Stats
Celebration of... Day % Correct
Jesus' birth Christmas
98%
Jesus' resurrection Easter
95%
Jesus' death {Good} Friday
90%
the beginning of Lent {Ash} Wednesday
86%
Jesus' entrance into Jerusalem {Palm} Sunday
75%
the Last Supper {Holy} Thursday
69%
Jesus' departure from Earth to Heaven Ascension of Jesus
60%
the visit of the 3 Wise Men Epiphany
56%
the descent of the Holy Spirit upon the Apostles Pentecost
55%
Mary being taken up into Heaven Assumption of Mary
46%
the angel's appearance to Mary Annunciation
43%
Jesus' conception Immaculate Conception
41%
Jesus' appearance to Peter, John, and James Transfiguration of Jesus
29%
Mary's birth {Nativity} of Mary
28%
Jesus' official induction into Judaism Presentation of Jesus
24%
No matching quizzes found
Score Distribution
Percent of People with Each Score
Percentile by Number Answered
Your Score History
You have not taken this quiz